IDRC annual report 1998-1999

Đã lưu trong:
Chi tiết về thư mục
Tác giả của công ty: International Development Research Centre (Tác giả)
Định dạng: Sách
Ngôn ngữ:Tiếng Anh
Tiếng Pháp
Được phát hành: Ottawa IDRC 1999
Những chủ đề:
Các nhãn: Thêm thẻ
Không có thẻ, Là người đầu tiên thẻ bản ghi này!

MARC

LEADER 00000nam a2200000 a 4500
001 UCO3922
003 CL-VaPUC
008 000728e19990000CN |||||||||||||||||eng|d
041 0 7 |a eng  |2 CL-VaPUC 
041 0 7 |a fre  |2 CL-VaPUC 
082 0 4 |a 338.91  |b INT  |2 21 
110 2 |a International Development Research Centre  |e author  |9 447971 
245 1 0 |a IDRC annual report 1998-1999 
246 1 0 |a CRDI rapport annuel 
300 |a p. irreg 
942 |c BK 
945 |d 20000728 00:00:00  |a rbrito 
260 |a Ottawa  |b IDRC  |c 1999 
650 0 |a Desarrollo económico  |9 259599 
650 0 |a Asistencia técnica  |9 259669 
650 0 |a Comunicación   |9 257251 
650 0 |a Ecología   |9 258124 
650 0 |a Medio ambiente  |9 257625 
650 7 |a RECURSOS SUSTEMTABLES  |2 CL-VaPUC  |9 447972 
583 |a last modification  |c 20000728 00:00:00  |k Rodrigo Vera 
999 |c 290036  |d 290034 
952 |0 0  |1 0  |4 0  |6 338_910000000000000_INT_1999  |7 0  |8 A  |9 339161  |a BIBGIM  |b BIBGIM  |d 2019-11-20  |i 3631362  |o 338.91 INT 1999  |p 3631362  |r 2025-01-15  |w 2019-11-20  |y BK  |k GIM